Катрин (Запис номер 6476)
[ съкратено ]
| 000 -Лидер | |
|---|---|
| Контролно поле с фиксирана дължина | 01513nam a2200337 c 4500 |
| 003 - Код на организацията, давaща контролен номер | |
| Контролно поле | BLK |
| 005 - Дата и час на последна редакция | |
| Контролно поле | 20230627110147.0 |
| 008 - Елементи от данни с фиксирана дължина | |
| fixed length control field | 180412b bul|||||r ||||||| ||bul|| |
| 010 ## - Наследен системен номер | |
| LC control number | KNG00007720000 |
| 020 ## - Международен стандартен номер на книга ISBN | |
| Международен стандартен номер на книга ISBN | 954-459-152-4 |
| -- | издат.: Хермес - на том(кн.1) |
| 040 ## - Източник на каталожния запис | |
| Идентификатор на билиотеката - собственик на записа | BLK |
| 041 ## - Код за език | |
| Код за езика на текст/звукозапис или на отделно заглавие | Български |
| Код за езика КДБФ | Български |
| 080 ## - УДК | |
| Текстов определител УДК | Френска литература |
| УДК код - определител по УДК | 821.133.1 |
| УДК определител | -31 |
| УДК - код + определител | 821.133.1-31 |
| 100 1# - Редна дума - Автор | |
| Автор | Бензони, Жюлиет |
| Авторска отговорност | първи автор |
| R(LIN) | 38258 |
| 139 ## - Редно поле | |
| Редна дума | Бензони, Жюлиет |
| Авторски знак | Бен - Б 37 |
| 245 10 - Сведения за заглавието | |
| Заглавие | Катрин |
| Подзаглавни данни | Роман : Кн. 1 - 7 |
| Редно поле (дума) | Жюлиет Бензони; прев. на том Екатерина Христева Делева; прев. на том Анета Тошева. |
| Том | Кн. 1 |
| Заглавие на том | Заради една любов... |
| 257 ## - Страна на издаване | |
| Страна на създаване/издаване | Франция |
| 260 ## - Област на издателските данни | |
| -- | Пловдив |
| Година на издаване | 1994 - |
| 300 ## - Физическа характеристика | |
| Размери/Мащаб | 21 см |
| 380 ## - Жанр | |
| Жанр | Худож. лит. |
| 500 ## - Общи забележки | |
| Забележка | Ориг. загл. Catherine / Juliette Benzoni. - Офс. изд. |
| 700 1# - Други автори (авторска отговорност) | |
| Лично име | Делева, Екатерина Христева |
| Автороска отговорност (Описва отношението между автора и произведението) | прев. на том |
| 9 (RLIN) | 363280 |
| 700 ## - Други автори (авторска отговорност) | |
| Лично име | Тошева, Анета Илиева |
| 9 (RLIN) | 366009 |
| 760 1# - Описание на основната серия | |
| -- | - на том(кн.1) |
| Редна дума на основното описание | Бензони, Жюлиет |
| Място на издаване, издател и година | Хермес, 1994 |
| Страници - том | 320 с. |
| Забележка - том | Ориг. загл. Il suffit d'un amour... |
| Заглавие | Кн. 1 Заради една любов... |
| 852 ## - Местоположение | |
| Форматна сигнатура | Цб 177497 |
| 856 4# - Електронен адрес и достъп | |
| Електронен формат | pdf - файл |
| Път до файла /url/ | |
| 856 4# - Електронен адрес и достъп | |
| Електронен формат | pdf - файл |
| Път до файла /url/ | |
| 942 ## - АРТИКУЛИ | |
| Вид на библиотечния материал | Книги |
| Скрит в OPAC | Не |
| 944 ## - СЪЗДАВАНЕ И РЕДАКЦИЯ на ЗАПИСА | |
| Създаване/Редакция | Създаване |
| Дата на регистрацията/редакция | 15.01.2003 |
| Статус, дата на статуса | ф / |
| Служител, извършил регистрацията/редакцията | Виолета_Тройчева |
| 944 ## - СЪЗДАВАНЕ И РЕДАКЦИЯ на ЗАПИСА | |
| Създаване/Редакция | Редакция |
| Дата на регистрацията/редакция | 10.02.2011 |
| Статус, дата на статуса | ф / |
| Служител, извършил регистрацията/редакцията | |
| 999 ## - СИСТЕМНИ КОНТРОЛНИ НОМЕРА | |
| Koha biblionumber | 6476 |
| Koha biblioitemnumber | 6476 |
| Код за отписване | Код за изгубен артикул | Код за повреда | Коз за рестрикции | Код за отдаване | Артикулен № | Име на библиотеката - собственик | Име на библиотеката, в която се намира в момента | Статус (Текущо местоположение) | Дата на вписване в системата | Местоположение - отдел | Цена в лева | Инвентарен номер | Систематично азбучна сигнатура | Баркод | Номер на екземпляра | Цена в евро | Служебна бележка | Служебен тип на артикула | Източник на класификационната схема |
|---|---|---|---|---|---|---|---|---|---|---|---|---|---|---|---|---|---|---|---|
| Не е изгубен | Не е повреден | без рестрикции | ползва се в читалня | 11273 | Регионална библиотека "Любен Каравелов" Русе | Регионална библиотека "Любен Каравелов" Русе | Хранилище | 1994-01-01 | Хранилище | 1.10 | 605099 | Цб 177497 | 605099 | 1 | 0.56 | Дост: Dp Вид: Д N: стар фонд Дата: 01.01.1994 | Книги | ||
| Изтеглен | Не е изгубен | Не е повреден | без рестрикции | заемане за дома | 11274 | Регионална библиотека "Любен Каравелов" Русе | Регионална библиотека "Любен Каравелов" Русе | Заемна - подръчен фонд | 1994-01-01 | Заемна - подръчен фонд | 1.10 | 605358 | Цб 177497 | 605358 | 2 | 0.56 | Дост: Pk Вид: Ф N: стар фонд Дата: 01.01.1994 | Книги | Universal Decimal Classification |